| 000 | 00543nam a2200193Ia 4500 | ||
|---|---|---|---|
| 003 | OSt | ||
| 005 | 20220405035636.0 | ||
| 008 | 151015s9999 xx 000 0 und d | ||
| 020 | _a013801762-x | ||
| 040 |
_aMMU _beng _cMMU _dMMU |
||
| 050 |
_aQA 76.9 _b.C643573 2000 |
||
| 100 | _aAlexandrou, Andreas | ||
| 245 |
_a Principle of Fluid Mechanics/ _cAlexandrou Andreas. |
||
| 260 |
_aUSA : _bPrentice hall, _c2001. |
||
| 300 | _axii, 573 p. : | ||
| 500 | _aIncludes index | ||
| 650 |
_aMechanical Engineering _9134 |
||
| 942 |
_2lcc _cLOAN LOAN |
||
| 999 |
_c5025 _d5025 |
||